000 00502nam a2200193 a 4500
001 1771666227474
003 YourLibrary
005 20260221150218.0
008 260221s2006##################000#0#eng##
020 _a9780670999040
082 0 4 _a338.6042094
_bMEE
100 1 _aSeetha,
_eauthor.
245 1 0 _aThe Backroom Brigade :
260 _bPenguin Books India,
_c2006.
300 _a232 pages
650 0 _aBusiness & Economics.
942 _cENGLISH
040 _aYourLibrary
_beng
_cYourLibrary
999 _c615289
_d615289